| 000 | 00853nam a22002897a 4500 | ||
|---|---|---|---|
| 003 | CHAP | ||
| 005 | 20220329135425.0 | ||
| 008 | 971013s1978 r 00010 d | ||
| 010 | _a36226 | ||
| 011 | _a37198 | ||
| 035 | _a41317 | ||
| 040 | _cCHAP | ||
| 082 |
_a632.954 _bP3 |
||
| 100 | 0 | 0 |
_aPallos, Ferenc M. _984936 |
| 245 | _aChemistry and action of herbicide antidotes | ||
| 260 |
_aNew York : _bAcademic Press, _c1978 |
||
| 300 |
_a171 p. _b: Gráfs. |
||
| 590 |
_aBATCH-UPD _b10 _c20130110 _lUCH01 _h0104 |
||
| 590 |
_aBATCH-UPD _b10 _c20130110 _lUCH01 _h0910 |
||
| 590 |
_aCONVERSION _b10 _c20130109 _lUCH01 _h1320 |
||
| 650 | 1 | 4 |
_aHerbicidas. _953691 |
| 650 | 1 | 4 |
_aHerbicidas _xToxicidad. _953700 |
| 700 | 0 |
_aCasida, John E. _919821 |
|
| 901 | _aBK | ||
| 942 | _cLIBRO | ||
| 949 |
_a632.954 P3 _bBC _cLIBRO _d33724000187761 _eLIBRO _h46629 _i41317 _si |
||
| 999 |
_c36226 _d36226 |
||